[Event "Cappelle op 02nd"]
[Site "Cappelle la Grande"]
[Date "1986.02.18"]
[Round "6"]
[White "Bouckaert, Didier"]
[Black "Slapak, Zdenek"]
[Result "0-1"]
[WhiteElo "1800"]
[BlackElo "2160"]
[PlyCount "89"]
[EventDate "1986.02.14"]
[EventType "swiss"]
[EventRounds "9"]
[EventCountry "FRA"]
[SourceTitle "EXT 2015"]
[Source "ChessBase"]
[SourceDate "2014.11.20"]
[SourceVersion "1"]
[SourceVersionDate "2014.11.20"]
[SourceQuality "1"]

1. d4 Nf6 2. c4 c5 3. d5 b5 4. a4 bxc4 5. Nc3 e5 6. e4 d6 7. Bxc4 g6 8. Nf3 Bg7 9. Rb1 0-0 10. 0-0 Na6 11. Qe2 Nb4 12. Na2 Nxe4 13. Nxb4 cxb4 14. Be3 f5 15. Nd2 Nf6 16. f3 Kh8 17. Rbd1 Qa5 18. Bb3 Qa6 19. Bc4 Qb7 20. Nb3 a5 21. Rd2 Bd7 22. Ra1 f4 23. Bf2 Rfe8 24. Bd3 Ng8 25. Be4 Ne7 26. Rdd1 Bf6 27. Nd2 Nc8 28. Nc4 Bd8 29. b3 Rf8 30. Rac1 Qb8 31. Qc2 Kg7 32. Kh1 Nb6 33. Nxb6 Bxb6 34. Bxb6 Qxb6 35. Qc7 Qxc7 36. Rxc7 Rfd8 37. Bd3 Kf6 38. Ra1 Rac8 39. Ra7 Rc3 40. Bc4 Bxa4 41. bxa4 Rxc4 42. Rxa5 Rb8 43. Ra6 b3 44. Rxd6+ Ke7 45. Rc6 0-1